[Event "Campeonato España Sub 16"]
[Site "Salobreña"]
[Date "2017.07.27"]
[Round "6"]
[White "Gines Esteo, Pedro Antonio"]
[Black "Guerra Rivera, Salvador"]
[Result "1-0"]
[Board "1"]
[WhiteClock "n/a"]
[WhiteTitle "FM"]
[WhiteElo "2375"]
[WhiteCountry "ESP"]
[WhiteFideId "32080190"]
[WhiteEloChange "10"]
[BlackClock "n/a"]
[BlackTitle "FM"]
[BlackElo "2362"]
[BlackCountry "ESP"]
[BlackFideId "32096542"]
[BlackEloChange "-10"]

1. d4 {[%clk 1:30:30]} Nf6 {[%clk 1:30:30]} 2. Nf3 {[%clk 1:30:30]} e6 {[%clk
1:30:30]} 3. e3 {[%clk 1:30:30]} d5 {[%clk 1:30:30]} 4. c4 {[%clk 1:30:30]} b6
{[%clk 1:30:30]} 5. Nc3 {[%clk 1:30:30]} Bb7 {[%clk 1:30:30]} 6. Bd3 {[%clk
1:30:30]} Bd6 {[%clk 1:30:30]} 7. b3 {[%clk 1:30:30]} O-O {[%clk 1:30:30]} 8. O-O
{[%clk 1:30:30]} Nbd7 {[%clk 1:30:30]} 9. Bb2 {[%clk 1:30:30]} a6 {[%clk
1:30:30]} 10. Rc1 {[%clk 1:30:30]} Qe7 {[%clk 1:30:30]} 11. Rc2 {[%clk 1:30:30]}
Ne4 {[%clk 1:30:30]} 12. Ne2 {[%clk 1:30:30]} f5 {[%clk 1:30:30]} 13. Ng3 {[%clk
1:30:30]} Rf6 {[%clk 1:30:30]} 14. c5 {[%clk 1:30:30]} Bxg3 {[%clk 1:30:30]} 15.
c6 {[%clk 1:30:30]} Bd6 {[%clk 1:30:30]} 16. cxb7 {[%clk 1:30:30]} Rb8 {[%clk
1:30:30]} 17. Ne5 {[%clk 1:30:30]} Rh6 {[%clk 1:30:30]} 18. f4 {[%clk 1:30:30]}
Bxe5 {[%clk 1:30:30]} 19. Bxe4 {[%clk 1:30:30]} Bd6 {[%clk 1:30:30]} 20. Bd3
{[%clk 1:30:30]} Rxb7 {[%clk 1:30:30]} 21. Bxa6 {[%clk 1:30:30]} Ra7 {[%clk
1:30:30]} 22. Bb5 {[%clk 1:30:30]} Nf6 {[%clk 1:30:30]} 23. Bc1 {[%clk 1:30:30]}
c5 {[%clk 1:30:30]} 24. a4 {[%clk 1:30:30]} Rc7 {[%clk 1:30:30]} 25. Qd3 {[%clk
1:30:30]} Ne4 {[%clk 1:30:30]} 26. Bb2 {[%clk 1:30:30]} Qh4 {[%clk 1:30:30]} 27.
g3 {[%clk 1:30:30]} Qh3 {[%clk 1:30:30]} 28. Rg2 {[%clk 1:30:30]} Rg6 {[%clk
1:30:30]} 29. Be8 {[%clk 1:30:30]} c4 {[%clk 1:30:30]} 30. bxc4 {[%clk 1:30:30]}
dxc4 {[%clk 1:30:30]} 31. Qc2 {[%clk 1:30:30]} Rf6 {[%clk 1:30:30]} 32. Bb5
{[%clk 1:30:30]} c3 {[%clk 1:30:30]} 33. Bc1 {[%clk 1:30:30]} Rff7 {[%clk
1:30:30]} 34. Qb3 {[%clk 1:30:30]} Rfe7 {[%clk 1:30:30]} 35. Rc2 {[%clk 1:30:30]}
g5 {[%clk 1:30:30]} 36. Bd3 {[%clk 1:30:30]} gxf4 {[%clk 1:30:30]} 37. exf4
{[%clk 1:30:30]} Nf6 {[%clk 1:30:30]} 38. Re1 {[%clk 1:30:30]} Kf7 {[%clk
1:30:30]} 39. Rce2 {[%clk 1:30:30]} Qh5 {[%clk 1:30:30]} 40. Rxe6 {[%clk
1:30:30]} Kg7 {[%clk 1:30:30]} 41. Rxe7+ {[%clk 1:30:30]} Rxe7 {[%clk 1:30:30]}
42. Qxc3 {[%clk 1:30:30]} Rc7 {[%clk 1:30:30]} 43. Qd2 {[%clk 1:30:30]} Qf3
{[%clk 1:30:30]} 44. Bb2 {[%clk 1:30:30]} Nd5 {[%clk 1:30:30]} 45. Bxf5 {[%clk
1:30:30]} Qh5 {[%clk 1:30:30]} 46. Be4 {[%clk 1:30:30]} Bb4 {[%clk 1:30:30]} 47.
Qe2 {[%clk 1:30:30]} Qh6 {[%clk 1:30:30]} 48. Bxd5 {[%clk 1:30:30]} Re7 {[%clk
1:30:30]} 49. Qxe7+ {[%clk 1:30:30]} Bxe7 {[%clk 1:30:30]} 50. Rxe7+ {[%clk
1:30:30]} Kh8 {[%clk 1:30:30]} 51. Ba2 {[%clk 1:30:30]} Qd6 {[%clk 1:30:30]} 52.
Re2 {[%clk 1:30:30]} Kg7 {[%clk 1:30:30]} 53. d5+ {[%clk 1:30:30]} Kf7 {[%clk
1:30:30]} 54. Kg2 {[%clk 1:30:30]} h5 {[%clk 1:30:30]} 55. Be5 {[%clk 1:30:30]}
Qa3 {[%clk 1:30:30]} 56. d6+ {[%clk 1:30:30]} Kf8 {[%clk 1:30:30]} 57. Be6 {[%clk
1:30:30]} Qxa4 {[%clk 1:30:30]} 58. Bd5 {[%clk 1:30:30]} Qd1 {[%clk 1:30:30]} 59.
Bf3 {[%clk 1:30:30]} Qd3 {[%clk 1:30:30]} 60. Bf6 {[%clk 1:30:30]} b5 {[%clk
1:30:30]} 61. Bxh5 {[%clk 1:30:30]} Qd5+ {[%clk 1:30:30]} 62. Bf3 {[%clk
1:30:30]} Qf5 {[%clk 1:30:30]} 63. Be7+ {[%clk 1:30:30]} Kf7 {[%clk 1:30:30]} 64.
Rd2 {[%clk 1:30:30]} Qd7 {[%clk 1:30:30]} 65. f5 {[%clk 1:30:30]} b4 {[%clk
1:30:30]} 66. Bd5+ {[%clk 1:30:30]} Ke8 {[%clk 1:30:30]} 67. f6 {[%clk 1:30:30]}
1-0

[Event "Campeonato España Sub 16"]
[Site "Salobreña"]
[Date "2017.07.27"]
[Round "6"]
[White "Lianes Garcia, Marcos"]
[Black "Fernandez Camello, Alejandro"]
[Result "1/2-1/2"]
[Board "2"]
[WhiteClock "1:30"]
[WhiteTitle "FM"]
[WhiteElo "2352"]
[WhiteCountry "ESP"]
[WhiteFideId "32060777"]
[WhiteEloChange "-6"]
[BlackClock "1:30"]
[BlackElo "2097"]
[BlackCountry "ESP"]
[BlackFideId "32038992"]
[BlackEloChange "6"]

1. e4 {[%clk 1:30:00]} e6 {[%clk 1:30:00]} 2. Bd3 {[%clk 1:29:00]} d5 {[%clk
1:30:00]} 3. c3 {[%clk 1:29:00]} dxe4 {[%clk 1:27:00]} 4. Bxe4 {[%clk 1:30:00]}
Nf6 {[%clk 1:27:00]} 5. Bc2 {[%clk 1:25:00]} e5 {[%clk 1:26:00]} 6. Ne2 {[%clk
1:23:00]} Bd6 {[%clk 1:26:00]} 7. d4 {[%clk 1:20:00]} exd4 {[%clk 1:26:00]} 8.
cxd4 {[%clk 1:19:00]} O-O {[%clk 1:27:00]} 9. Nbc3 {[%clk 1:19:00]} Nc6 {[%clk
1:22:00]} 10. a3 {[%clk 1:17:00]} h6 {[%clk 1:17:00]} 11. Qd3 {[%clk 1:14:00]}
Ne7 {[%clk 1:14:00]} 12. f3 {[%clk 1:05:00]} c5 {[%clk 1:02:00]} 13. Be3 {[%clk
0:51:00]} Bf5 {[%clk 0:57:00]} 14. Qd2 {[%clk 0:39:00]} Bxc2 {[%clk 0:54:00]} 15.
dxc5 {[%clk 0:36:00]} Ned5 {[%clk 0:41:00]} 16. Nxd5 {[%clk 0:25:00]} Nxd5 {[%clk
0:42:00]} 17. Bf2 {[%clk 0:21:00]} Bxh2 {[%clk 0:27:00]} 18. Qxc2 {[%clk
0:14:23]} Qa5+ {[%clk 0:26:00]} 19. Qd2 {[%clk 0:14:19]} Qxd2+ {[%clk 0:26:00]}
20. Kxd2 {[%clk 0:14:48]} Bf4+ {[%clk 0:26:00]} 21. Nxf4 {[%clk 0:13:53]} Nxf4
{[%clk 0:26:00]} 22. g3 {[%clk 0:12:57]} Rad8+ {[%clk 0:26:00]} 23. Kc2 {[%clk
0:12:22]} Nd3 {[%clk 0:26:00]} 24. Bg1 {[%clk 0:08:30]} Rfe8 {[%clk 0:23:00]} 25.
Kc3 {[%clk 0:07:54]} Ne1 {[%clk 0:22:00]} 26. Bf2 {[%clk 0:05:38]} Nxf3 {[%clk
0:21:00]} 27. Rad1 {[%clk 0:05:48]} Ne5 {[%clk 0:21:00]} 28. Rhe1 {[%clk
0:05:30]} f6 {[%clk 0:21:00]} 29. b4 {[%clk 0:05:40]} Kf7 {[%clk 0:19:11]} 30. b5
{[%clk 0:05:38]} Rxd1 {[%clk 0:15:15]} 31. Rxd1 {[%clk 0:06:06]} Ke7 {[%clk
0:15:14]} 32. Bd4 {[%clk 0:05:29]} Rc8 {[%clk 0:14:39]} 33. a4 {[%clk 0:04:53]}
Rd8 {[%clk 0:11:15]} 34. Re1 {[%clk 0:04:49]} Rd5 {[%clk 0:11:12]} 35. Re4 {[%clk
0:04:47]} Kd7 {[%clk 0:11:15]} 36. Kb4 {[%clk 0:04:36]} Kc7 {[%clk 0:11:17]} 37.
Bc3 {[%clk 0:03:17]} a5+ {[%clk 0:09:28]} 38. Kxa5 {[%clk 0:03:15]} Rxc5 {[%clk
0:09:56]} 39. Bxe5+ {[%clk 0:02:34]} Rxe5 {[%clk 0:09:38]} 40. Rc4+ {[%clk
0:02:57]} Kb8 {[%clk 0:08:02]} 41. Kb6 {[%clk 0:03:03]} Re6+ {[%clk 0:08:14]} 42.
Kc5 {[%clk 0:03:06]} Kc7 {[%clk 0:08:16]} 43. a5 {[%clk 0:03:13]} Re5+ {[%clk
0:06:57]} 44. Kb4+ {[%clk 0:03:30]} Kb8 {[%clk 0:07:21]} 45. b6 {[%clk 0:03:18]}
Re8 {[%clk 0:07:14]} 46. Rc7 {[%clk 0:03:34]} Rg8 {[%clk 0:06:54]} 47. Kb5 {[%clk
0:03:53]} h5 {[%clk 0:07:12]} 48. a6 {[%clk 0:03:51]} bxa6+ {[%clk 0:07:36]} 49.
Kxa6 {[%clk 0:04:17]} g5 {[%clk 0:07:52]} 50. Rb7+ {[%clk 0:04:31]} Ka8 {[%clk
0:08:17]} 51. Ra7+ {[%clk 0:05:02]} Kb8 {[%clk 0:08:45]} 52. Rb7+ {[%clk
0:04:37]} Ka8 {[%clk 0:09:05]} 53. Rh7 {[%clk 0:04:28]} f5 {[%clk 0:06:08]} 54.
Rxh5 {[%clk 0:04:02]} f4 {[%clk 0:06:30]} 55. gxf4 {[%clk 0:11:55]} gxf4 {[%clk
0:03:27]} 56. Rf5 {[%clk 0:12:28]} Re8 {[%clk 0:03:34]} 57. Rxf4 {[%clk 0:12:53]}
Rg8 {[%clk 0:04:23]} 58. Rf7 {[%clk 0:13:07]} Re8 {[%clk 0:04:23]} 59. Rf1 {[%clk
0:13:04]} Rg8 {[%clk 0:04:23]} 60. Re1 {[%clk 0:13:04]} Rh8 {[%clk 0:11:21]} 61.
Rf1 {[%clk 0:20:00]} Rg8 {[%clk 0:11:21]} 62. Re1 {[%clk 0:20:00]} Rh8 {[%clk
0:11:21]} 63. Re7 {[%clk 0:20:00]} Rg8 {[%clk 0:11:21]} 64. Re6 {[%clk 0:20:00]}
Rf8 {[%clk 0:11:21]} 65. Rd6 {[%clk 0:20:00]} Rg8 {[%clk 0:11:21]} 66. Kb5 {[%clk
0:20:00]} Kb8 {[%clk 0:11:21]} 67. Kc6 {[%clk 0:20:00]} Rh8 {[%clk 0:11:21]} 68.
Rd7 {[%clk 0:20:00]} Rh6+ {[%clk 0:11:21]} 69. Kb5 {[%clk 0:20:00]} Rh8 {[%clk
0:11:21]} 70. Ka6 {[%clk 0:20:00]} Rg8 {[%clk 0:11:21]} 71. Rb7+ {[%clk 0:20:00]}
Ka8 {[%clk 0:11:21]} 72. Rh7 {[%clk 0:20:00]} Rf8 {[%clk 0:11:21]} 73. Rc7 {[%clk
0:20:00]} Kb8 {[%clk 0:11:21]} 74. Rb7+ {[%clk 0:20:00]} Ka8 {[%clk 0:11:21]} 75.
Rg7 {[%clk 0:20:00]} Rb8 {[%clk 0:11:21]} 76. Rd7 {[%clk 0:20:00]} Rh8 {[%clk
0:11:21]} 77. Kb5 {[%clk 0:20:00]} Rh5+ {[%clk 0:11:21]} 78. Kc6 {[%clk 0:20:00]}
Rh6+ {[%clk 0:11:21]} 79. Kc5 {[%clk 0:20:00]} Rh5+ {[%clk 0:11:21]} 80. Rd5
{[%clk 0:20:00]} Rxd5+ {[%clk 0:11:21]} 81. Kxd5 {[%clk 0:20:00]} Kb7 {[%clk
0:11:21]} 82. Kc5 {[%clk 0:20:00]} Kb8 {[%clk 0:11:21]} 83. Kd6 {[%clk 0:20:00]}
Kb7 {[%clk 0:11:21]} 84. Kc5 {[%clk 0:20:00]} Kb8 {[%clk 0:11:21]} 85. Kc6 {[%clk
0:20:00]} Kc8 {[%clk 0:11:21]} 86. Kc5 {[%clk 0:20:00]} Kb8 {[%clk 0:11:21]} 87.
Kb4 {[%clk 0:20:00]} Kb7 {[%clk 0:11:21]} 88. Kb5 {[%clk 0:20:00]} Kb8 {[%clk
0:11:21]} 89. Kb4 {[%clk 0:20:00]} Kb7 {[%clk 0:11:21]} 90. Ka5 {[%clk 0:20:00]}
Kb8 {[%clk 0:11:21]} 91. Ka6 {[%clk 0:20:00]} Ka8 {[%clk 0:11:21]} 92. Ka5 {[%clk
0:20:00]} Kb7 {[%clk 0:11:21]} 93. Kb5 {[%clk 0:20:00]} Kb8 {[%clk 0:11:21]} 94.
Kc6 {[%clk 0:20:00]} Kc8 {[%clk 0:11:21]} 95. b7+ {[%clk 0:20:00]} Kb8 {[%clk
0:11:21]} 96. Kb6 {[%clk 0:20:00]} 1/2-1/2

[Event "Campeonato España Sub 16"]
[Site "Salobreña"]
[Date "2017.07.27"]
[Round "6"]
[White "Orantes Taboada, Francisco"]
[Black "Plazuelo Pascual, Juan"]
[Result "1-0"]
[Board "3"]
[WhiteClock "1:29"]
[WhiteTitle "FM"]
[WhiteElo "2183"]
[WhiteCountry "ESP"]
[WhiteFideId "22274758"]
[WhiteEloChange "14"]
[BlackClock "1:30"]
[BlackTitle "FM"]
[BlackElo "2334"]
[BlackCountry "ESP"]
[BlackFideId "32059566"]
[BlackEloChange "-14"]

1. d4 {[%clk 1:29:00]} e6 {[%clk 1:30:00]} 2. g3 {[%clk 1:29:00]} Nf6 {[%clk
1:30:00]} 3. Bg2 {[%clk 1:29:00]} d5 {[%clk 1:29:00]} 4. Nf3 {[%clk 1:29:00]} b5
{[%clk 1:29:00]} 5. O-O {[%clk 1:27:00]} Nbd7 {[%clk 1:29:00]} 6. b3 {[%clk
1:22:00]} Bd6 {[%clk 1:24:00]} 7. c4 {[%clk 1:20:00]} c6 {[%clk 1:24:00]} 8. c5
{[%clk 1:19:00]} Bc7 {[%clk 1:23:00]} 9. Bf4 {[%clk 1:18:00]} O-O {[%clk
1:20:00]} 10. Nbd2 {[%clk 1:17:00]} Re8 {[%clk 1:16:00]} 11. Re1 {[%clk 1:11:00]}
Bb7 {[%clk 1:11:00]} 12. b4 {[%clk 1:09:00]} a5 {[%clk 1:11:00]} 13. a3 {[%clk
1:08:00]} Qb8 {[%clk 1:07:00]} 14. Bxc7 {[%clk 1:03:00]} Qxc7 {[%clk 1:08:00]}
15. e4 {[%clk 1:02:00]} dxe4 {[%clk 1:01:00]} 16. Ng5 {[%clk 1:03:00]} axb4
{[%clk 0:58:00]} 17. axb4 {[%clk 1:01:00]} Nd5 {[%clk 0:54:00]} 18. Bxe4 {[%clk
0:56:00]} N7f6 {[%clk 0:46:00]} 19. Bxd5 {[%clk 0:55:00]} Nxd5 {[%clk 0:46:00]}
20. Qb3 {[%clk 0:52:00]} Rxa1 {[%clk 0:46:00]} 21. Rxa1 {[%clk 0:52:00]} e5
{[%clk 0:43:00]} 22. Nde4 {[%clk 0:34:00]} Ra8 {[%clk 0:35:00]} 23. Rxa8+ {[%clk
0:33:00]} Bxa8 {[%clk 0:35:00]} 24. Nd6 {[%clk 0:23:00]} exd4 {[%clk 0:31:00]}
25. Qa3 {[%clk 0:21:00]} Qb8 {[%clk 0:31:00]} 26. Qf3 {[%clk 0:20:00]} Qf8 {[%clk
0:23:00]} 27. Ngxf7 {[%clk 0:06:13]} Nf6 {[%clk 0:19:58]} 28. Qf5 {[%clk
0:06:15]} h6 {[%clk 0:14:53]} 29. Qg6 {[%clk 0:04:35]} Qe7 {[%clk 0:15:12]} 30.
Nxh6+ {[%clk 0:04:56]} Kf8 {[%clk 0:15:34]} 31. Nhf5 {[%clk 0:05:19]} Qd7 {[%clk
0:14:15]} 32. Nxd4 {[%clk 0:04:05]} Bb7 {[%clk 0:14:41]} 33. Nf3 {[%clk 0:03:38]}
Bc8 {[%clk 0:14:26]} 34. Ng5 {[%clk 0:03:37]} Kg8 {[%clk 0:14:00]} 35. Nxc8
{[%clk 0:01:48]} Qxc8 {[%clk 0:13:32]} 36. Qf7+ {[%clk 0:01:48]} Kh8 {[%clk
0:14:05]} 37. Ne6 {[%clk 0:02:28]} Qd7 {[%clk 0:14:32]} 38. Qxd7 {[%clk 0:02:47]}
Nxd7 {[%clk 0:14:59]} 39. Nd4 {[%clk 0:03:07]} Nb8 {[%clk 0:15:16]} 40. f4 {[%clk
0:03:19]} Kg8 {[%clk 0:15:31]} 41. Kf2 {[%clk 0:03:44]} Kf7 {[%clk 0:16:05]} 42.
g4 {[%clk 0:04:01]} Ke7 {[%clk 0:16:27]} 43. h4 {[%clk 0:04:27]} Kd7 {[%clk
0:16:40]} 44. h5 {[%clk 0:04:52]} Na6 {[%clk 0:16:57]} 45. g5 {[%clk 0:05:01]}
Nxb4 {[%clk 0:15:58]} 46. h6 {[%clk 0:05:22]} gxh6 {[%clk 0:16:18]} 47. gxh6
{[%clk 0:05:50]} Nd3+ {[%clk 0:16:43]} 48. Ke3 {[%clk 0:05:50]} 1-0

[Event "Campeonato España Sub 16"]
[Site "Salobreña"]
[Date "2017.07.27"]
[Round "6"]
[White "Galiana Fernandez, Adrian"]
[Black "Garcia Sancho, Josep"]
[Result "1-0"]
[Board "4"]
[WhiteClock "1:30"]
[WhiteElo "2274"]
[WhiteCountry "ESP"]
[WhiteFideId "32010150"]
[WhiteEloChange "5"]
[BlackClock "1:30"]
[BlackElo "2092"]
[BlackCountry "ESP"]
[BlackFideId "32010168"]
[BlackEloChange "-5"]

1. e4 {[%clk 1:30:00]} c5 {[%clk 1:30:00]} 2. Nf3 {[%clk 1:31:00]} g6 {[%clk
1:31:00]} 3. d4 {[%clk 1:31:00]} cxd4 {[%clk 1:31:00]} 4. Qxd4 {[%clk 1:30:00]}
Nf6 {[%clk 1:31:00]} 5. Nc3 {[%clk 1:30:00]} Nc6 {[%clk 1:31:00]} 6. Qa4 {[%clk
1:30:00]} d6 {[%clk 1:32:00]} 7. e5 {[%clk 1:31:00]} dxe5 {[%clk 1:32:00]} 8.
Nxe5 {[%clk 1:31:00]} Qd4 {[%clk 1:32:00]} 9. Nxc6 {[%clk 1:32:00]} Qxa4 {[%clk
1:32:00]} 10. Nxa4 {[%clk 1:32:00]} bxc6 {[%clk 1:33:00]} 11. Be3 {[%clk
1:31:00]} Bf5 {[%clk 1:25:00]} 12. O-O-O {[%clk 1:31:00]} Bg7 {[%clk 1:25:00]}
13. f3 {[%clk 1:29:00]} O-O {[%clk 1:25:00]} 14. Bc4 {[%clk 1:16:00]} h5 {[%clk
1:19:00]} 15. h3 {[%clk 1:16:00]} h4 {[%clk 1:13:00]} 16. Bg5 {[%clk 1:16:00]}
Rab8 {[%clk 1:13:00]} 17. b3 {[%clk 1:00:00]} Rfc8 {[%clk 1:09:00]} 18. Bxh4
{[%clk 0:54:00]} Nd5 {[%clk 1:09:00]} 19. g4 {[%clk 0:52:00]} Ne3 {[%clk
0:57:00]} 20. gxf5 {[%clk 0:51:00]} Nxc4 {[%clk 0:57:00]} 21. Bxe7 {[%clk
0:47:00]} Bh6+ {[%clk 0:53:00]} 22. Kb1 {[%clk 0:47:00]} Nd2+ {[%clk 0:52:00]}
23. Kb2 {[%clk 0:47:00]} Nc4+ {[%clk 0:53:00]} 24. Kb1 {[%clk 0:46:00]} Nd2+
{[%clk 0:50:00]} 25. Ka1 {[%clk 0:46:00]} gxf5 {[%clk 0:50:00]} 26. Bf6 {[%clk
0:36:00]} Re8 {[%clk 0:49:00]} 27. Rh2 {[%clk 0:31:00]} Re6 {[%clk 0:48:00]} 28.
Bc3 {[%clk 0:29:00]} Nxf3 {[%clk 0:48:00]} 29. Rf2 {[%clk 0:29:00]} Nh4 {[%clk
0:48:00]} 30. Nc5 {[%clk 0:23:00]} Re3 {[%clk 0:45:00]} 31. Nd7 {[%clk 0:23:00]}
Rxc3 {[%clk 0:39:00]} 32. Nxb8 {[%clk 0:24:00]} f4 {[%clk 0:39:00]} 33. Nd7
{[%clk 0:22:00]} Bg7 {[%clk 0:39:00]} 34. Kb1 {[%clk 0:22:00]} f3 {[%clk
0:37:00]} 35. Rd6 {[%clk 0:13:19]} Nf5 {[%clk 0:32:00]} 36. Rd3 {[%clk 0:07:45]}
Rxd3 {[%clk 0:32:00]} 37. cxd3 {[%clk 0:07:42]} Nh4 {[%clk 0:32:00]} 38. b4
{[%clk 0:08:33]} Bd4 {[%clk 0:32:00]} 39. Rf1 {[%clk 0:08:57]} f2 {[%clk
0:33:00]} 40. Nc5 {[%clk 0:09:16]} f5 {[%clk 0:29:00]} 41. Kc2 {[%clk 0:07:20]}
Ng2 {[%clk 0:29:00]} 42. Kd2 {[%clk 0:07:06]} Nf4 {[%clk 0:29:00]} 43. Nb3 {[%clk
0:06:20]} Bb6 {[%clk 0:30:00]} 44. d4 {[%clk 0:05:20]} Nxh3 {[%clk 0:30:00]} 45.
Ke2 {[%clk 0:05:43]} Kf7 {[%clk 0:29:00]} 46. Rh1 {[%clk 0:06:08]} Nf4+ {[%clk
0:30:00]} 47. Kxf2 {[%clk 0:05:54]} Nd3+ {[%clk 0:31:00]} 48. Kf3 {[%clk
0:05:48]} Nxb4 {[%clk 0:31:00]} 49. a4 {[%clk 0:04:18]} Nc2 {[%clk 0:24:00]} 50.
Rc1 {[%clk 0:03:34]} Nxd4+ {[%clk 0:24:00]} 51. Nxd4 {[%clk 0:04:00]} Bxd4 {[%clk
0:24:00]} 52. Rxc6 {[%clk 0:04:25]} a5 {[%clk 0:24:00]} 53. Kf4 {[%clk 0:04:49]}
Bf2 {[%clk 0:24:00]} 54. Kxf5 {[%clk 0:04:45]} Be1 {[%clk 0:22:00]} 55. Rf6+
{[%clk 0:04:14]} Kg7 {[%clk 0:22:00]} 56. Ke6 {[%clk 0:05:03]} Bc3 {[%clk
0:22:00]} 57. Rf3 {[%clk 0:05:29]} Bb4 {[%clk 0:22:00]} 58. Kd5 {[%clk 0:05:49]}
Kg6 {[%clk 0:23:00]} 59. Kc6 {[%clk 0:05:47]} Kg5 {[%clk 0:23:00]} 60. Kb6 {[%clk
0:05:58]} Kg4 {[%clk 0:23:00]} 61. Rf7 {[%clk 0:05:58]} Bd2 {[%clk 0:23:00]} 62.
Rd7 {[%clk 0:05:58]} Bc3 {[%clk 0:23:00]} 1-0

[Event "Campeonato España Sub 16"]
[Site "Salobreña"]
[Date "2017.07.27"]
[Round "6"]
[White "Ayats Llobera, Gerard"]
[Black "Gonzalez Serrato, Diego"]
[Result "1-0"]
[Board "5"]
[WhiteClock "1:27"]
[WhiteTitle "FM"]
[WhiteElo "2261"]
[WhiteCountry "ESP"]
[WhiteFideId "32067607"]
[WhiteEloChange "2"]
[BlackClock "1:30"]
[BlackElo "1883"]
[BlackCountry "ESP"]
[BlackFideId "32069170"]
[BlackEloChange "-2"]

1. b3 {[%clk 1:27:00]} Nf6 {[%clk 1:30:00]} 2. Bb2 {[%clk 1:27:00]} g6 {[%clk
1:31:00]} 3. f4 {[%clk 1:26:00]} Bg7 {[%clk 1:31:00]} 4. Nf3 {[%clk 1:26:00]} O-O
{[%clk 1:30:00]} 5. g3 {[%clk 1:27:00]} d5 {[%clk 1:30:00]} 6. Bg2 {[%clk
1:27:00]} c5 {[%clk 1:29:00]} 7. O-O {[%clk 1:27:00]} Nc6 {[%clk 1:26:00]} 8. Ne5
{[%clk 1:26:00]} Nxe5 {[%clk 1:24:00]} 9. Bxe5 {[%clk 1:26:00]} Bd7 {[%clk
1:23:00]} 10. e3 {[%clk 1:22:00]} Bc6 {[%clk 1:19:00]} 11. d3 {[%clk 1:22:00]}
Rc8 {[%clk 1:19:00]} 12. Nd2 {[%clk 1:22:00]} e6 {[%clk 1:18:00]} 13. Qe2 {[%clk
1:10:00]} h5 {[%clk 1:13:00]} 14. h3 {[%clk 1:09:00]} Nd7 {[%clk 1:10:00]} 15.
Bxg7 {[%clk 1:09:00]} Kxg7 {[%clk 1:10:00]} 16. Nf3 {[%clk 1:08:00]} f6 {[%clk
1:07:00]} 17. e4 {[%clk 1:05:00]} e5 {[%clk 0:56:00]} 18. exd5 {[%clk 1:01:00]}
Bxd5 {[%clk 0:54:00]} 19. fxe5 {[%clk 0:57:00]} Nxe5 {[%clk 0:53:00]} 20. Nxe5
{[%clk 0:56:00]} Re8 {[%clk 0:53:00]} 21. Rae1 {[%clk 0:28:00]} Rxe5 {[%clk
0:51:00]} 22. Qf2 {[%clk 0:29:00]} Rxe1 {[%clk 0:51:00]} 23. Rxe1 {[%clk
0:29:00]} Bxg2 {[%clk 0:51:00]} 24. Qxg2 {[%clk 0:27:00]} Qd7 {[%clk 0:50:00]}
25. Kh2 {[%clk 0:27:00]} b6 {[%clk 0:50:00]} 26. Qe4 {[%clk 0:27:00]} Kf7 {[%clk
0:47:00]} 27. a4 {[%clk 0:16:38]} Re8 {[%clk 0:39:00]} 28. Qxe8+ {[%clk 0:16:54]}
Qxe8 {[%clk 0:39:00]} 29. Rxe8 {[%clk 0:17:23]} Kxe8 {[%clk 0:40:00]} 30. Kg2
{[%clk 0:17:37]} g5 {[%clk 0:39:00]} 31. g4 {[%clk 0:17:38]} hxg4 {[%clk
0:38:00]} 32. hxg4 {[%clk 0:17:10]} Kf7 {[%clk 0:38:00]} 33. Kf3 {[%clk 0:17:36]}
Kg6 {[%clk 0:38:00]} 34. Ke4 {[%clk 0:17:20]} f5+ {[%clk 0:39:00]} 35. gxf5+
{[%clk 0:17:16]} Kf6 {[%clk 0:39:00]} 36. c3 {[%clk 0:17:04]} g4 {[%clk 0:24:00]}
37. Kf4 {[%clk 0:15:12]} g3 {[%clk 0:24:00]} 38. Kxg3 {[%clk 0:15:41]} Kxf5
{[%clk 0:25:00]} 39. Kf3 {[%clk 0:15:51]} Ke5 {[%clk 0:22:00]} 40. Ke3 {[%clk
0:15:41]} a6 {[%clk 0:21:00]} 41. d4+ {[%clk 0:06:45]} Kd6 {[%clk 0:21:00]} 42.
Ke4 {[%clk 0:05:43]} a5 {[%clk 0:18:13]} 43. d5 {[%clk 0:05:42]} b5 {[%clk
0:18:26]} 44. axb5 {[%clk 0:05:03]} c4 {[%clk 0:18:44]} 45. bxc4 {[%clk 0:05:03]}
a4 {[%clk 0:18:44]} 46. Kd3 {[%clk 0:05:03]} a3 {[%clk 0:18:44]} 47. Kc2 {[%clk
0:05:03]} 1-0